000 00737nam a2200241 a 4500
008
020 _a0340662662 (hbk.)
049 _aMAIN
090 _aTH2446
100 1 _aWilby, C. B.
245 1 0 _aConcrete folded plate roofs /
_cC.B. Wilby.
260 _aLondon :
_bArnold,
_c1998.
300 _axiii, 275 p. :
_bill. (some col.) ;
_c25 cm.
500 _aIncludes index.
504 _aIncludes bibliographical references.
650 0 _aFolded plate structures
_xDesign and construction.
650 0 _aRoofing, Concrete
_xDesign and construction.
907 _a.b10158698
_b03-11-05
_c10-03-05
003
005 20230123133950.0
040 _cNUST
942 _cBOOKS
_kTH2446
999 _c157693
_d157693